00638nam a22002057a 450000500170000000800410001702000180005804000210007604100080009708200170010510000240012224500960014625000120024226000330025430000100028765000400029765000350033770000320037270000280040420250228091213.0250228b |||||||| |||| 00| 0 eng d a9789358495652 aIN-DiNCcIN-DiNC dasm a320.954bDAS aDas, Deepaneauthor aBharatat rajnaitik prakriya (Major7)/cby Deepan Das, Shantichaya Baruah and Bhaskar Kakati a1st ed. aDibrugarh:bBanalata,c2027. a239p. aPolitical process in India (Major7) aIndian government and politics aBaruah, Shantichayaeauthor aKakati, Bhaskareauthor